Estadísticas para Historia por Letra - R

Haz click aquí para intentar la prueba.

Estadísticas generales

  • Esta prueba ha sido intentada 2.274 veces
  • La puntuación promedio es 8 de 20

Estadísticas de respuestas

PistaRespuesta% Correcto
País que ni Napoleón ni Hitler pudieron conquistarRusia
98%
La era cultural que comenzó en la Italia en el siglo XIVRenacimiento
85%
Probablemente la ciudad más importante de la historia occidentalRoma
83%
Donde los hutus mataron a los tutsis en 1994Ruanda
72%
Apellido de dos presidentes estadounidensesRoosevelt
65%
El "gran" faraón, también conocido como OzymandiasRamsés II
47%
Pintor neerlandés de la Edad de OroRembrandt
43%
Barón del petróleo y primer billonarioJohn D. Rockefeller
39%
Nombre anterior de ZimbabueRodesia
39%
El consejero principal de Luis XIIICardinal {Richelieu}
37%
El edificio del parlamento alemán que fue quemado en 1933Reichstag
33%
César dijo "La suerte está echada" cuando cruzó este río hacia ItaliaRubicón
32%
Término para el dominio británico de la IndiaRaj británico
23%
Capital de la Confederación durante la Guerra Civil EstadounidenseRichmond
23%
Familia bancaria judía internacionalRothschild
19%
El rey que restauró la independencia de Escocia en 1328Roberto I
18%
La decisión de la Corte Suprema de los Estados Unidos que legalizó el aborto{Roe} vs. Wade
18%
Explorador y favorito de la corte de la Reina IsabelWalter Raleigh
12%
Rompió la barrera del color del béisbolJackie Robinson
11%
Enemigos de los Cavaliers durante la Guerra Civil InglesaRoundheads
6%

Distribución de puntuación

Porcentaje por número respondido

Porcentaje de gente con cada puntuación

Historial de tus puntuaciones

No has intentado esta prueba.